Cost reduction strategies for the manufacturing sector with application of microsoft excel

Bibliographic Details
Main Author: Palani Murugappan
Format: Book
Published: Selangor : Venton Publishing , 2007
Subjects:

MARC

LEADER 00000cam a2200000 7i4500
001 0000015777
005 20080421.0
008 080410
020 |a 9833526578 
090 0 0 |a 005.369   |b PAL 
100 0 |a Palani Murugappan 
245 1 0 |a Cost reduction strategies for the manufacturing sector with application of microsoft excel   |c by Palani Murugappan 
260 |a Selangor :   |b Venton Publishing ,   |c 2007 
650 0 |a Electronic spread sheets 
650 0 |a Microsoft Excel (Computer file) 
999 |a 0001018715   |b Book   |c Adult Collection   |e Perbadanan Perpustakaan Awam Johor 
999 |a 0001018716   |b Book   |c Adult Collection   |e Cawangan Bandar Tenggara 
999 |a 0001018717   |b Book   |c Adult Collection   |e Cawangan Bandar Tenggara 
999 |a 0001018718   |b Book   |c Adult Collection   |e Cawangan Mersing